01630nab a22002417a 4500999001500000003000400015005001700019008004100036040000700077100003500084245027700119260007300396300001600469500008400485505045900569505008901028650002901117650003501146650002601181653002801207773014001235942001301375 c5259d5259OSt20250209212212.0190603e xxum|||| |||| 00| 0 spa d cPJ 96311aFurundarena, Mariano D. 10a La declaración de inconstitucionalidad de oficio y el principio de congruencia. Análisis de la doctrina legal de la Suprema Corte de la Provincia de Buenos Aires en materia de actualización monetaria sentada en el caso "Barrios" /cMariano D. Furundarena.  cCiudad Autónoma de Buenos Aires :aThomson Reuters La Ley, b2025. ap. 267-278. aCita Online: TR LALEY AR/DOC/29/2025. Publicado en: RCCyC 2025 (febrero) , 267. a Sumario: I. Introducción.— II. La doctrina legal sentada en el caso "Barrios".— III. El principio de congruencia y la pretensión procesal.— IV. En principio de congruencia y la declaración de inconstitucionalidad de oficio.— V. La declaración de inconstitucionalidad de oficio de la prohibición de indexar.— VI. Las conclusiones de las XXIX Jornadas Nacionales de Derecho Civil sobre el tema en análisis.— VII. Palabras finales.  t¿Te interesa el texto completo? Solicitalo al correo: koha@justierradelfuego.gov.ar 094597aCONSTITUCIONALIDAD 093833aPRINCIPIO DE CONGRUENCIA 096312aCONVERTIBILIDAD aACTUALIZACION MONETARIA0 0271393170dCiudad Autónoma de Buenos Aires : Thomson Reuters La Ley, 2015-tRevista Código Civil y Comercial. Nº 1 - Febrero 2025 2udccANA